|
|
|
|
| LEADER |
00981cam a2200193 7i4500 |
| 001 |
0000027073 |
| 005 |
20180302090000.0 |
| 090 |
0 |
0 |
|a RJ387
|b .Z35 2008
|
| 100 |
0 |
|
|a Zainullah Haji Jubkar
|
| 245 |
1 |
2 |
|a A knowledge, attitude and practice study on Acquired Immunodeficiency Syndrome (AIDS) among inmates of Papar Drug Rehabilitation Centre Sabah
|c Zainullah bin Haji Jubkar.
|
| 260 |
|
|
|a Bestari Jaya, Selangor:
|b UNISEL,
|c 2008.
|
| 300 |
|
|
|a viii, 69 p.:
|b ill. (some col.);
|c 30 cm.
|
| 500 |
|
|
|a Please login MyLib (library.unisel.edu.my/web/guest/mylibrary - click eDocument)
|
| 502 |
|
|
|a Biomedical and Life Sciences, Bachelor, UNISEL, 2008
|
| 610 |
2 |
|
|a Universiti Industri Selangor
|
| 650 |
0 |
0 |
|a Acquired Immunodeficiency Syndrome (AIDS) --
|x Knowledge and attitudes
|
| 650 |
0 |
0 |
|a Acquired Immunodeficiency Syndrome (AIDS) --
|x Case study --
|z Sabah, Malaysia
|
| 999 |
|
|
|a THE0000786
|b THESIS
|c THESIS
|e 2nd Floor, Shah Alam
|
| 999 |
|
|
|a THE0000883
|b THESIS
|c THESIS
|e 2nd Floor, Shah Alam
|